00716cam a2200229 a 4500001000800000005001700008008004100025010001700066020001500083040001800098041000800116080001400124082001800138100000700156101000800163245007700171504005100248906004500299942001200344999001700356952011300373354567220180111092054.0971113s1998 miua b 001 0 eng  a 97048516  a1575040492 aDLCcDLCdDLC aeng a631.4 SEL00a631.4 SEL221 a42 aGEO00aPhysical nonequilibrium in soils :cedited by H. Magdi Selim, Liwang Ma. aIncludes bibliographical references and index. a7bcbucorignewd1eocipf19gy-gencatlg 2ddccBK c40142d40142 00102udc40708PËKGa002b002cPËKGd2018-01-11l0o631.4 SELp002-2994924r2018-01-11w2018-01-11yBK